Οικονομική ανάπτυξη

Αποθηκεύτηκε σε:
Λεπτομέρειες βιβλιογραφικής εγγραφής
Κύριος συγγραφέας: Todaro, Michael P.
Άλλοι συγγραφείς: Smith, Stephen C., 1955-
Μορφή: Βιβλίο
Γλώσσα:Greek
Δημοσίευση: Θεσσαλονίκη: Τζιόλα, c2022.
Έκδοση:13η έκδ.
Θέματα:
Ετικέτες: Προσθήκη ετικέτας
Δεν υπάρχουν, Καταχωρήστε ετικέτα πρώτοι!

MARC

LEADER 00000nam a2200000 a 4500
001 1/125871
008 230116s2022####gr | ||| |||| ||gre||
020 |a 9789604189632 
040 |a GR-MyUa  |b gre  |c GR-MyUa  |e AACR2 
041 1 |a gre 
082 7 |a 338.9  |2 (23) 
100 1 |a Todaro, Michael P. 
245 1 0 |a Οικονομική ανάπτυξη /   |c Michael P. Todaro, Stephen C. Smith ; επιστημονική επιμέλεια Δημήτρης Κυρκιλής, Περσεφόνη Τσαλίκη ; μετάφραση Ιωάννης Βαρδαλαχάκης.  
250 |a 13η έκδ.  
260 |a Θεσσαλονίκη:   |b Τζιόλα,   |c c2022.  
300 |a xxvii, 820 σ. ;   |c 29 εκ.  
504 |a Περιέχει ευρετήριο ονομάτων.  
650 0 |a Economic development 
650 0 |a Economics  |z Developing countries. 
700 1 |a Smith, Stephen C.,   |d 1955- 
852 |a INST  |b LESVOS  |c EUDOXUS  |e 20230116  |h 338.9 TOD  |p 005100064868  |q 005100064868  |t EDX  |y 0 
852 |a INST  |b LESVOS  |c EUDOXUS  |e 20230116  |h 338.9 TOD  |p 005100064874  |q 005100064874  |t EDX  |y 0 
920 |a Εύδοξος  |b Παραγγελία  |y Λέσβος-ΤΚ  |z 2023-01 
970 |a Δημάκη  |b Μαρία  |z 16-01-2023